| 000 | 00670nam a2200265Ia 4500 | ||
|---|---|---|---|
| 001 | Para_9064 | ||
| 003 | CHAP | ||
| 008 | 220125s2001 xx 000 0 und d | ||
| 010 | _a205833 | ||
| 040 | _cCHAP | ||
| 082 | _aPA 631.584 L3y | ||
| 100 |
_aLampkin, Nicolás _964602 |
||
| 245 |
_aAgricultura ecológica / _c por Nicolás Lampkin |
||
| 250 | _areimpresion | ||
| 260 |
_aMadrid : _b Mundi Prensa |
||
| 300 | _a729 p. | ||
| 650 |
_aEcología agrícola _935165 |
||
| 901 | _aPA 631.584 L3Y | ||
| 902 | _aA | ||
| 905 | _a0000002001 amn 0000000000sp 00 | ||
| 910 | _a2001 | ||
| 942 | _cPARA | ||
| 942 |
_cPARA _d1 |
||
| 999 |
_c205833 _d205833 |
||